Tiere mit T - Statistiken

Allgemein
  • Dieses Quiz wurde 120 mal gespielt
  • Das Durchschnittsergebnis liegt bei 7 aus 17
Antwortstatistiken
Hint Antwort % Korrekt
Säugetier Tiger
92%
Vogel Taube
70%
Sonstiges Tintenfisch
68%
Säugetier Tapir
66%
Sonstiges Tarantel
53%
Fisch Thunfisch
48%
Vogel Truthahn
42%
Fisch Tigerhai
41%
Vogel Tukan
41%
Säugetier Trampeltier
38%
Säugetier Tasmanischer Teufel
33%
Vogel Tölpel
20%
Vogel Turmfalke
20%
Sonstiges Tausendfüßler
18%
Säugetier Tümmler
11%
Säugetier Tüpfelhyäne
11%
Säugetier Totenkopfäffchen
8%
Keine übereinstimmenden Quizze gefunden
Verteilung der Resultate
Anzahl Personen mit jedem Resultat
Perzentil nach korrekt beantworteten Fragen
Ihre Resultats-Entwicklung
Sie haben dieses Quiz noch nicht gespielt